| 000 | 01143nam0a22002891 4500 | ||
|---|---|---|---|
| 001 | rc\9637 | ||
| 005 | 20250620113142.0 | ||
| 010 |
_a5-85441-007-9 _9100000 |
||
| 035 | _a(NLR Aleph) 005298863 | ||
| 090 |
_a6268161 _c6268161 |
||
| 100 | _a20021204d1993 |||y0rusy50 ca | ||
| 101 | 0 | _arus | |
| 102 | _aRU | ||
| 105 | _ay ||||||||| | ||
| 200 | 1 |
_aАгент из ресторана _e[Сборник _fПер. с англ. В. Вебер] |
|
| 210 |
_aМ. _cВерба _d1993 |
||
| 215 |
_a429, [2] с. _d21 |
||
| 225 | 1 | _aBestseller | |
| 327 | 1 | _aСодерж.: Сенсация / М. Уэст. Агент из ресторана / Р. Томас. Синяя рука / Э. Уоллес | |
| 464 | 0 |
_12001#$aСенсация _1700#1$aУэст$bМ. _tСенсация _aУэст, М. |
|
| 464 | 0 |
_12001#$aАгент из ресторана _1700#1$aТомас$bР. _tАгент из ресторана _aТомас, Р. |
|
| 464 | 0 |
_12001#$aСиняя рука _1700#1$aУоллес$bЭ. _tСиняя рука _aУоллес, Э. |
|
| 801 | 0 |
_aRU _bNLR _gpsbo |
|
| 801 | 1 |
_aRU _bELAR _2rusmarc |
|
| 852 |
_aNLR _j93-3/7858 |
||
| 942 | _cBOOK | ||
| 980 | _aNB | ||